000 00286nam a22001097a 4500
008 170125b xxu||||| |||| 00| 0 eng d
020 _a9780721659060
041 _aeng
080 _2618.2
_a618.2
245 _aNURSE'S GUIDE TO CARDIAC RHYTHM INTERPRETATION
_cPAUL & HEBRA
942 _2udc
_cBK
999 _c3649
_d3649